載入...
Energy in biological systems
| 主要作者: | |
|---|---|
| 其他作者: | |
| 格式: | Printed Book |
| 語言: | Undetermined |
| 出版: |
London :
Chapman & Hall Ltd.,
1991
|
| 叢編: | Molecular and Cell Biochemistry
|
| 主題: |
| LEADER | 00540nam a2200169Ia 4500 | ||
|---|---|---|---|
| 008 | 200122s9999||||xx |||||||||||||| ||und|| | ||
| 080 | |a 574.5 |b SMI-E | ||
| 100 | |a Smith, C | ||
| 245 | 0 | |a Energy in biological systems | |
| 260 | |a London : |b Chapman & Hall Ltd., |c 1991 | ||
| 300 | |a 171 p. | ||
| 490 | |a Molecular and Cell Biochemistry | ||
| 650 | |a Ecology-- Biology | ||
| 700 | |a Wood, E J | ||
| 942 | |c BK | ||
| 999 | |c 260558 |d 260558 | ||
| 952 | |0 0 |1 0 |4 0 |6 574_500000000000000_SMIE |7 0 |9 276769 |a BCH |b BCH |l 0 |o 574.5 SMI-E |p BCH1660 |r 2020-01-24 |w 2020-01-24 |y BK | ||